When free men shall stand / (Record no. 7444)

MARC details
000 -LEADER
fixed length control field 00797cam a2200277 i 4500
001 - CONTROL NUMBER
control field 1762916
003 - CONTROL NUMBER IDENTIFIER
control field GBCCL
005 - DATE AND TIME OF LATEST TRANSACTION
control field 20241126110628.0
008 - FIXED-LENGTH DATA ELEMENTS--GENERAL INFORMATION
fixed length control field 761222s1976 miu 000 0 eng
010 ## -
-- 76044609
020 ## - INTERNATIONAL STANDARD BOOK NUMBER
Terms of availability $1.75
040 ## - CATALOGING SOURCE
Original cataloging agency DLC
Transcribing agency DLC
Modifying agency DLC
043 ## -
-- n-us---
050 00 -
-- HC106.7
-- .H45
082 00 - DEWEY DECIMAL CLASSIFICATION NUMBER
Classification number 338.973
Item number HEL
100 1# - MAIN ENTRY--PERSONAL NAME
Personal name Helms, Jesse.
9 (RLIN) 13145
245 10 - TITLE STATEMENT
Title When free men shall stand /
Statement of responsibility, etc. Jesse Helms.
260 ## - PUBLICATION, DISTRIBUTION, ETC.
Place of publication, distribution, etc. Grand Rapids :
Name of publisher, distributor, etc. Zondervan Pub. House,
Date of publication, distribution, etc. 1976.
300 ## - PHYSICAL DESCRIPTION
Extent 122 p. ;
Dimensions 18 cm.
650 #0 - SUBJECT ADDED ENTRY--TOPICAL TERM
Topical term or geographic name entry element Liberty.
9 (RLIN) 4078
650 #0 - SUBJECT ADDED ENTRY--TOPICAL TERM
Topical term or geographic name entry element Free enterprise.
9 (RLIN) 13146
651 #0 - SUBJECT ADDED ENTRY--GEOGRAPHIC NAME
Geographic name United States
General subdivision Economic policy
Chronological subdivision 1971-1981.
9 (RLIN) 13147
651 #0 - SUBJECT ADDED ENTRY--GEOGRAPHIC NAME
Geographic name United States
General subdivision Social policy.
9 (RLIN) 13148
906 ## - LOCAL DATA ELEMENT F, LDF (RLIN)
a 7
b cbc
c orignew
d 2
e ocip
f 19
g y-gencatlg
942 ## - ADDED ENTRY ELEMENTS (KOHA)
Source of classification or shelving scheme Dewey Decimal Classification
Koha item type Books
Holdings
Withdrawn status Lost status Source of classification or shelving scheme Damaged status Not for loan Home library Current Library Shelving location Date acquired Total checkouts Full call number Barcode Date last seen Copy number Price effective from Koha item type
    Dewey Decimal Classification     GRACE BIBLE COLLEGE GRACE BIBLE COLLEGE General Studies 2018-08-10   338.973 HEL 002593 2025-05-01 c.1 2018-08-10 Books
© Grace Bible College Library 2025